[Event "St Petersburg Korchnoi Memorial op"]
[Site "St Petersburg"]
[Date "2024.08.17"]
[Round "2"]
[White "Lebedev, Artem S"]
[Black "Zhukov, Konstantin"]
[Result "1/2-1/2"]
[WhiteElo "2051"]
[BlackElo "1850"]
[PlyCount "83"]
[EventDate "2024.08.17"]
[EventType "swiss"]
[EventRounds "9"]
[EventCountry "RUS"]
[SourceTitle "CBM 221 Extra"]
[Source "ChessBase"]
[SourceDate "2024.09.30"]
[SourceVersion "1"]
[SourceVersionDate "2024.09.30"]
[SourceQuality "1"]

1. e4 e6 2. d4 d5 3. Nc3 Nf6 4. e5 Nfd7 5. f4 c5 6. Nf3 Nc6 7. Be3 Be7 8. Qd2 0-0 9. Nd1 cxd4 10. Nxd4 Nxd4 11. Bxd4 f6 12. Nf2 fxe5 13. fxe5 Qc7 14. Nd3 Nc5 15. Nxc5 Bxc5 16. Qc3 Bb6 17. Qxc7 Bxc7 18. Bd3 Bb6 19. c3 Bd7 20. Rf1 Rxf1+ 21. Kxf1 Be8 22. Ke2 Bg6 23. Bb5 Kf7 24. a4 Bxd4 25. cxd4 Rc8 26. Bd3 Bxd3+ 27. Kxd3 Rc4 28. a5 Rb4 29. Kc3 Rc4+ 30. Kb3 Ke7 31. Rd1 Rc8 32. Rd3 Rf8 33. Rc3 Kd7 34. Rf3 Rxf3+ 35. gxf3 g6 36. f4 Kc6 37. Kb4 Kc7 38. h4 h5 39. Kb5 Kd7 40. Kc5 Kc7 41. b3 Kd7 42. Kb5 1/2-1/2

[Event "Chigorin Memorial 30th"]
[Site "St Petersburg"]
[Date "2023.10.21"]
[Round "1"]
[White "Kunin, Pavel1"]
[Black "Zhukov, Konstantin"]
[Result "1-0"]
[WhiteElo "2094"]
[BlackElo "1626"]
[PlyCount "119"]
[EventDate "2023.10.21"]
[EventType "swiss"]
[EventRounds "9"]
[EventCountry "RUS"]
[SourceTitle "CBM 216 Extra"]
[Source "ChessBase"]
[SourceDate "2023.11.30"]
[SourceVersion "1"]
[SourceVersionDate "2023.11.30"]
[SourceQuality "1"]

1. e4 e6 2. d3 c5 3. Nf3 Nc6 4. g3 d5 5. Qe2 Nf6 6. Bg2 Be7 7. 0-0 0-0 8. e5 Nd7 9. c3 b5 10. h4 h6 11. Bf4 Re8 12. h5 a5 13. Re1 Nf8 14. Nbd2 Ba6 15. Nf1 Nh7 16. Ne3 Ng5 17. Ng4 Nxf3+ 18. Qxf3 Bg5 19. Rad1 Rc8 20. Qe3 Bxf4 21. Qxf4 Qg5 22. Qxg5 hxg5 23. f4 gxf4 24. gxf4 Ne7 25. Kf2 Nf5 26. Rg1 Kf8 27. Ne3 Nxe3 28. Kxe3 b4 29. f5 d4+ 30. Kf4 exf5 31. c4 Re6 32. Bd5 Rh6 33. Rg5 g6 34. Rdg1 Rxh5 35. Rxh5 gxh5 36. Rg5 Ke7 37. Rxh5 Rf8 38. Rh6 Bc8 39. Rc6 Bd7 40. Rxc5 a4 41. Rc7 Rc8 42. Rb7 b3 43. axb3 axb3 44. Rxb3 Rh8 45. Rb7 Rh4+ 46. Kg3 Rg4+ 47. Kf3 Kd8 48. b4 Rh4 49. Kg3 Rg4+ 50. Kf2 Kc8 51. Ra7 Rf4+ 52. Ke2 Rh4 53. Bxf7 Rh2+ 54. Kf1 f4 55. e6 Bc6 56. b5 Rh1+ 57. Kf2 Rh2+ 58. Ke1 Bf3 59. e7 Re2+ 60. Kf1 1-0